00426 a2200133 4500010001400000020002200014035001300036037001800049082001200067245004700079260003800126270010300164300002500267 aENG-85556 c95.00a8178123436 aEN-69089 bD.B.Act / ven14a615.5351 aReaders delight self help with naturopathy aNew DelhibReader's Delightc2006 a12-H, New Daryaganj Road, Opp. Traffic KotwalibNew Delhie110 002minfo@remeshpublishinghouse.com a176 p.c22 cm (Pbk.)